Greatest surprises of football history - Statistics

General Stats
  • This quiz has been taken 47 times
  • The average score is 4 of 15
Answer Stats
Hint Answer % Correct
2014 7-1 World Cup Germany Brazil
92%
2014 5-1 World Cup Netherlands Spain
69%
2009 5-0 Gold Cup Mexico United States
44%
1998 3-0 World Cup Croatia Germany
36%
1980 4-0 OFC Nations cup Fiji New Zealand
31%
1959 3-0 Copa America Uruguay Brazil
26%
1937 3-0 Copa America Chile Uruguay
23%
2006 2-0 World Cup Ghana Czech republic
23%
1929 3-0 Copa America Paraguay Uruguay
21%
1924 8-1 Olympics Sweden Belgium
13%
1958 6-1 World Cup Czechoslovakia Argentina
10%
1936 2-0 Olympics Norway Germany
8%
1972 4-0 Asian Cup Cambodia Kuwait
3%
1920 3-1 Olympics Norway Great Britain
3%
1936 3-0 Olympics Poland Hungary
3%
No matching quizzes found
Score Distribution
Percent of People with Each Score
Percentile by Number Answered
Your Score History
You have not taken this quiz